<?xml version="1.0" encoding="UTF-8"?><?xml-stylesheet type="text/xsl" href="static/style.xsl"?><OAI-PMH xmlns="http://www.openarchives.org/OAI/2.0/" xmlns:xsi="http://www.w3.org/2001/XMLSchema-instance" xsi:schemaLocation="http://www.openarchives.org/OAI/2.0/ http://www.openarchives.org/OAI/2.0/OAI-PMH.xsd"><responseDate>2026-04-18T14:17:33Z</responseDate><request verb="GetRecord" identifier="oai:riubu.ubu.es:10259/9181" metadataPrefix="marc">https://riubu.ubu.es/oai/request</request><GetRecord><record><header><identifier>oai:riubu.ubu.es:10259/9181</identifier><datestamp>2024-05-27T07:04:15Z</datestamp><setSpec>com_10259_4244</setSpec><setSpec>com_10259_5086</setSpec><setSpec>com_10259_2604</setSpec><setSpec>col_10259_4245</setSpec></header><metadata><record xmlns="http://www.loc.gov/MARC21/slim" xmlns:doc="http://www.lyncode.com/xoai" xmlns:xsi="http://www.w3.org/2001/XMLSchema-instance" xmlns:dcterms="http://purl.org/dc/terms/" xsi:schemaLocation="http://www.loc.gov/MARC21/slim http://www.loc.gov/standards/marcxml/schema/MARC21slim.xsd">
<leader>00925njm 22002777a 4500</leader>
<datafield tag="042" ind1=" " ind2=" ">
<subfield code="a">dc</subfield>
</datafield>
<datafield tag="720" ind1=" " ind2=" ">
<subfield code="a">Tadesse, Solomon Abebaw</subfield>
<subfield code="e">author</subfield>
</datafield>
<datafield tag="720" ind1=" " ind2=" ">
<subfield code="a">Emire, Shimelis Admassu</subfield>
<subfield code="e">author</subfield>
</datafield>
<datafield tag="720" ind1=" " ind2=" ">
<subfield code="a">Barea Gómez, Pedro</subfield>
<subfield code="e">author</subfield>
</datafield>
<datafield tag="720" ind1=" " ind2=" ">
<subfield code="a">Illera Gigante, Alba Ester</subfield>
<subfield code="e">author</subfield>
</datafield>
<datafield tag="720" ind1=" " ind2=" ">
<subfield code="a">Melgosa Gómez, Rodrigo</subfield>
<subfield code="e">author</subfield>
</datafield>
<datafield tag="720" ind1=" " ind2=" ">
<subfield code="a">Beltrán Calvo, Sagrario</subfield>
<subfield code="e">author</subfield>
</datafield>
<datafield tag="720" ind1=" " ind2=" ">
<subfield code="a">Sanz Díez, Mª Teresa</subfield>
<subfield code="e">author</subfield>
</datafield>
<datafield tag="260" ind1=" " ind2=" ">
<subfield code="c">2024-05-09</subfield>
</datafield>
<datafield tag="520" ind1=" " ind2=" ">
<subfield code="a">Subcritical water (SCW) hydrolysis was applied to valorize the low-valued ray-finned fish (Labeobarbus nedgia) into valuable protein hydrolysates, employing N2 and CO2 as pressurization agents at varying temperatures (140, 160, 180, and 200 °C). The degree of hydrolysis (DH) and total free amino acid content increased with temperature for both pressurizing agents. The highest DH (54.5 ± 0.4%) and total free amino acid content (210 ± 1 mg/gprot) were observed at 200 °C when CO2 gas was used as the pressurizing agent. Predominantly, glycine and alanine were released for both pressurizing agents. The antioxidant activity, evaluated through three different assays, increased with temperature and was found to be the highest at 200 °C. This study illustrated the advantages of the intensified SCW technology by using CO2 as a pressurization agent in valorizing low-valued ray-finned fish (Labeobarbus nedgia), as animal residue rich in proteins, for the production of valuable protein hydrolysates with a high fraction of valuable free amino acids, which could offer potential applications as a functional ingredient in the food industry.</subfield>
</datafield>
<datafield tag="024" ind2=" " ind1="8">
<subfield code="a">2304-8158</subfield>
</datafield>
<datafield tag="024" ind2=" " ind1="8">
<subfield code="a">http://hdl.handle.net/10259/9181</subfield>
</datafield>
<datafield tag="024" ind2=" " ind1="8">
<subfield code="a">10.3390/foods13101462</subfield>
</datafield>
<datafield tag="024" ind2=" " ind1="8">
<subfield code="a">2304-8158</subfield>
</datafield>
<datafield ind1=" " ind2=" " tag="653">
<subfield code="a">Low valued ray-finned fish</subfield>
</datafield>
<datafield ind1=" " ind2=" " tag="653">
<subfield code="a">Subcritical water hydrolysis</subfield>
</datafield>
<datafield ind1=" " ind2=" " tag="653">
<subfield code="a">Nitrogen</subfield>
</datafield>
<datafield ind1=" " ind2=" " tag="653">
<subfield code="a">Carbon dioxide</subfield>
</datafield>
<datafield ind1=" " ind2=" " tag="653">
<subfield code="a">Degree of hydrolysis</subfield>
</datafield>
<datafield ind1=" " ind2=" " tag="653">
<subfield code="a">Pressurization agent</subfield>
</datafield>
<datafield tag="245" ind1="0" ind2="0">
<subfield code="a">Potential of Subcritical Water Hydrolysis to Valorize Low-Valued Ray-Finned Fish (Labeobarbus nedgia): Effects of Hydrolysis Temperature and Pressurization Agent</subfield>
</datafield>
</record></metadata></record></GetRecord></OAI-PMH>